Logo BPK

Biblioteka

Politechniki Koszalińskiej

Poluprovodnikovye termoelektriceskie materialy na osnove Bi2Te3 / (Rekord nr 15092)

Szczegóły MARC
000 -ETYKIETA REKORDU
podpole kontrolne o stałej długości 00592nam a2200205 i 4500
001 - NUMER KONTROLNY REKORDU
pole kontrolne bg
040 ## - ŹRÓDŁO KATALOGOWANIA
Instytucja, która utworzyła rekord BPK
041 ## - KOD JĘZYKA
Kod języka tekstu pol
080 ## - UNIWERSALNA KLASYFIKACJA DZIESIĘTNA - UKD
UKD 537.311.33
008 - POLE O STAŁEJ DŁUGOŚCI - DANE KONTROLNE
podpole kontrolne o stałej długości s pl f |000 0 pol
100 1# - NAZWA OSOBOWA
Nazwa osobowa Go~7lcman, B. M.
245 #0 - TYTUŁ/ODPOWIEDZIALNOŚĆ
Tytuł Poluprovodnikovye termoelektriceskie materialy na osnove Bi2Te3 /
Pozostałe elementy strefy tytułu i oznaczenia odpowiedzialności B. M. Gol'cman, V. A. Kudinov, I. A. Smirnov.
260 ## - STREFA ADRESU WYDAWNICZEGO
Miejsce wydania Moskwa :
Nazwa wydawcy/dystrybutora "Nauka",
Data publikacji, dystrybucji/powstania dokumentu 1972.
300 ## - STREFA OPISU FIZYCZNEGO
Objętość s. 320 :
Inne cechy fizyczne rys., ilustr.
500 ## - UWAGI OGÓLNE
Tekst uwagi [Alf. ros.].
504 ## - UWAGA DOTYCZĄCA BIBLIOGRAFII
Informacje o bibliografii [Zawiera bibliogr. s. 307-320].
700 1# - HASŁO DODATKOWE - NAZWA OSOBOWA
Nazwa osobowa Kudinov, V. A.
700 1# - HASŁO DODATKOWE - NAZWA OSOBOWA
Nazwa osobowa Smirnov, I. A.
942 ## - DODATKOWE ELEMENTY (KOHA)
Typ dokumentu Książka
Egzemplarze
Wycofany Status egzemplarza Uszkodzony Dostępność Lokalizacja stała Lokalizacja bieżąca Miejsce przechowywania Sygnatura Kod kreskowy Typ dokumentu
      Dostępny Biblioteka Politechniki Koszalińskiej Biblioteka Politechniki Koszalińskiej Wypożyczalnia BG 15535 01729856 Książka
© 2023 Biblioteka Politechniki Koszalińskiej :: KOHA